000 02755cam a22011534i 4500
003 PE-LiUPU
005 20250813185338.0
008 161006s r 000 0 spa d
020 _a9972716953
035 _a(Sirsi) a164020
049 _aPRUA
082 0 4 _a378.1
_bR84
100 1 _aRosa Pérez, Elías Castilla,
_eautor.
245 _aDecadencia de la universidad peruana /
_Elias Castilla Rosa Pérez.
264 _aPerú :
_bSan Marcos,
_c2004.
300 _a148 páginas ;
_c20 centímetros.
336 _text
_2rdacontent
337 _unmediated
_2rdamedia
338 _volume
_2rdacarrier
505 0 _aRelidad de la universidada peruana -- Diagnóstico: perfil y propuestas -- La universidad peruana en el marco de un viejo paradigma -- Estructura y administración de la universidad -- Aspectos críticos en la educación SUperior -- Investigación, ciencia y tecnología -- Financiamiento de la universidad..
526 _aP202
526 _aP201
526 _aP163
526 _aP162
526 _aP161
526 _aP160
526 _aP148
526 _aP147
526 _aP146
526 _aP145
526 _aP144
526 _aP143
526 _aP142
526 _aP141
526 _aP140
526 _aP139
526 _aP138
526 _aP137
526 _aP136
526 _aP135
526 _aP134
526 _aP133
526 _aP129
526 _aP128
526 _aP127
526 _aP120
526 _aP119
526 _aP118
526 _aP116
526 _aP115
526 _aP114
526 _aP110
526 _aP109
526 _aP108
526 _aP104
526 _aP103
526 _aP102
526 _aP99
526 _aP98
526 _aP97
526 _aP96
526 _aP95
526 _aP93
526 _aP90
526 _aP89
526 _aP88
526 _aP83
526 _aP82
526 _aP62
526 _aP59
526 _aP58
526 _aP57
526 _aP51
526 _aP49
526 _aP48
526 _aP47
526 _aP29
526 _aP24
526 _aP20
526 _aP19
526 _aP17
526 _aP15
526 _aP14
526 _aP12
526 _aP10
526 _aP09
526 _aP08
526 _aP07
526 _aP06
526 _aP05
526 _aP04
526 _aP01
650 0 4 _aUniversidad
_xDecadencia
264 1 _a**REQUIRED FIELD**
596 _a1
942 _2ddc
_cBOOK
999 _a378.1 R84
_wDEWEY
_c12880
_i74874
_f2021-11-8
_g5
_lCCODEBUL1
_mBUL
_r0
_sY
_tBOOK
_u2016-10-6
_xEDUCACION
_zUNKNOWN
_0DONACION
_o.STAFF. Colección FACIHED
_d12880
980 _81
_gALBERTO SANCHEZ Responsable de Automatización